Mathematical Methods of Operations Research
Salvato in:
| Autore principale: | |
|---|---|
| Natura: | Libro |
| Lingua: | inglese |
| Pubblicazione: |
New York
MacGraw-Hill Book Co.
1959
|
| Edizione: | 1. ed. |
| Soggetti: | |
| Tags: |
Nessun Tag, puoi essere il primo ad aggiungerne!!
|
MARC
| LEADER | 00000nam a2200000 4500 | ||
|---|---|---|---|
| 001 | c002026 | ||
| 005 | 20221220103300.8 | ||
| 041 | 0 | |a eng | |
| 044 | |a US | ||
| 245 | 1 | 0 | |a Mathematical Methods of Operations Research |c Thomas L. Saaty |
| 250 | |a 1. ed. | ||
| 264 | 1 | |a New York |b MacGraw-Hill Book Co. |c 1959 | |
| 300 | |a 421 s. | ||
| 610 | 2 | 0 | |a výskum operačný |
| 610 | 2 | 0 | |a metódy matematické |
| 610 | 2 | 0 | |a modely matematické |
| 610 | 2 | 0 | |a optimalizácia |
| 610 | 2 | 0 | |a programovanie lineárne |
| 610 | 2 | 0 | |a programovanie kvadratické |
| 610 | 2 | 0 | |a teória hier |
| 610 | 2 | 0 | |a pravdepodobnosť |
| 610 | 2 | 0 | |a štatistika |
| 610 | 2 | 0 | |a teória obsluhy hromadnej |
| 100 | 1 | |a Saaty, Thomas L. | |